La participación del Mercado Común Centroamericano en las negociaciones comerciales multilaterales y comentarios sobre las alternativas de negociación de la UPEB propuestas en el documento UNCTAD TE 95
Informa de la manera en que el MCCA ha decidido su participación en las negociaciones comerciales multilaterales (NMC), ilustra a la dirección ejecutiva de la UPEB acerca de las propuestas hechas a varios países industrializados sobre problemas que afectan el comercio del banano para procurar resolv...
Gardado en:
| Autor Corporativo: | |
|---|---|
| Formato: | Texto |
| Publicado: |
Guatemala:
SIECA
|
| Materias: | |
| Etiquetas: |
Engadir etiqueta
Sen Etiquetas, Sexa o primeiro en etiquetar este rexistro!
|
MARC
| LEADER | 00000 a a2200000 04500 | ||
|---|---|---|---|
| 001 | 19789 | ||
| 003 | |||
| 040 | |||
| 090 | |a 079800 | ||
| 110 | |a SIECA | ||
| 245 | |a La participación del Mercado Común Centroamericano en las negociaciones comerciales multilaterales y comentarios sobre las alternativas de negociación de la UPEB propuestas en el documento UNCTAD TE 95 | ||
| 260 | |a Guatemala: |b SIECA | ||
| 300 | |a 28 p. | ||
| 500 | |a UNCTAD/TE/95: Alternativas de política comercial para la Unión de Países Exportadores de Banano con especial referencia a la Comunidad Económica Europea | ||
| 520 | |a Informa de la manera en que el MCCA ha decidido su participación en las negociaciones comerciales multilaterales (NMC), ilustra a la dirección ejecutiva de la UPEB acerca de las propuestas hechas a varios países industrializados sobre problemas que afectan el comercio del banano para procurar resolverlos en el marco de aquellas negociaciones./ACM | ||
| 650 | |a AMERICA CENTRAL | ||
| 650 | |a MCCA | ||
| 650 | |a BANANOS | ||
| 650 | |a COMERCIALIZACION | ||
| 650 | |a PUB. SIECA | ||
| 999 | |c 6369 |d 6369 | ||
